MARC

LEADER 00000nam0a2200000 4500
001 302418
005 20231102001512.0
035 |a (RuTPU)RU\TPU\book\327625 
090 |a 302418 
100 |a 20150821d1961 km y0rusy50 ca 
101 0 |a rus 
102 |a RU 
105 |a a z 001zy 
200 1 |a Автоматическое регулирование возбуждения синхронных двигателей  |f Д. П. Петелин 
210 |a Москва  |a Ленинград  |c Госэнергоиздат  |d 1961 
215 |a 104 с.  |c ил. 
225 1 |a Библиотека по автоматике  |v Вып. 30 
320 |a Библиогр.: с. 101-104. 
606 1 |a Электродвигатели синхронные  |2 stltpush  |3 (RuTPU)RU\TPU\subj\19921  |9 45084 
610 1 |a автоматическое регулирование 
610 1 |a возбуждение 
610 1 |a режимы работы 
610 1 |a динамика 
610 1 |a пуск 
610 1 |a ресинхронизация 
675 |a 621.313.323  |v 3 
700 1 |a Петелин  |b Д. П.  |g Динэр Прокофьевич 
801 1 |a RU  |b 63413507  |c 20150821 
801 2 |a RU  |b 63413507  |c 20150905  |g RCR 
942 |c BK